محمد فريد خميس : (Record no. 29080)
[ view plain ]
| 000 -الفاتح | |
|---|---|
| حقل البيانات ثابتة الطول | 01344nam a22002777a 4500 |
| 003 - محدد رقم الضبط | |
| رقم الضبط | EG-ScBUE |
| 005 - وقت وتاريخ اخر تعامل مع التسجيلة | |
| رقم الضبط | 20210321102204.0 |
| 008 - عناصر البيانات ثابتة الطول - معلومات عامة | |
| حقل البيانات ثابتة الطول | 210321k19932020ua o f 000 0bara d |
| 040 ## - مصدر الفهرسة | |
| وكالة الفهرسة الأصلية | EG-ScBUE |
| لغة الفهرسة | ara |
| قواعد الوصف | rda |
| وكالة النسخ | EG-ScBUE |
| وكالة التعديل | EG-ScBUE |
| 043 ## - رمز المنطقة الجغرافية | |
| رمز المنطقة الجغرافية | f-ua--- |
| 082 04 - رقم تصنيف ديوى العشرى | |
| رقم التصنيف | 338.0962 |
| رقم المادة | م ر ك |
| رقم الطبعة | 22 |
| 110 2# - المدخل الرئيسى - إسم هيئة | |
| اسم الهيئة أو اسم السلطة كمدخل | مركز الأهرام للتنظيم وتكنولوجيا المعلومات، |
| الدور | مؤلف. |
| 245 10 - بيان العنوان | |
| العنوان | محمد فريد خميس : |
| بقية العنوان | ملف وثائقي / |
| بيان المسئوليه,etc | مركز الأهرام للتنظيم وتكنولوجيا المعلومات. |
| 264 #1 - النشر، التوزيع | |
| مكان الناشر او الموزع | القاهرة : |
| اسم الناشر او الموزع | مركز الأهرام للتنظيم وتكنولوجيا المعلومات، |
| تاريخ النشر أو التوزيع | [1993-2020] |
| 300 ## - الوصف المادى | |
| التعداد | 3 مجلدات : |
| تفاصيل ماديه اخرى للوعاء | صور ؛ |
| أبعاد الوعاء | 35 سم |
| 336 ## - نوع المحتوى | |
| source | rdacontent |
| Carrier Type Term | نص |
| Content Type Code | txt |
| 337 ## - نوع الوسيط | |
| source | rdamedia |
| Media Type Term | بدون وسيط |
| Media Type Code | n |
| 338 ## - نوع الحامل أو الناقل | |
| source | rdacarrier |
| Carrier Type Term | مجلد |
| Carrier Type Code | nc |
| 505 0# - تبصرة محتويات-الفهرس | |
| تبصرة المحتويات المصاغة | المحتويات : المجلد الأول. فبراية 1993-مايو 2008 -- المجلد الثاني. يونيو 2008-يونيو 2014 -- المجلد الثالث. يوليو 2014-أكتوبر 2020. |
| 600 17 - المدخل الاضافى بالموضوع-اسم شخصى | |
| الإسم الشخصى | خميس، محمد فريد، |
| التواريخ المصاحبة للاسم | 1940-2020. |
| مصدر الرأس أو المصطلح | BUEsh |
| 650 #7 - المدخل الاضافى بالموضوع-مصطلح موضوعى | |
| مصطلح موضوعي أو اسم جغرافي كعنصر مدخل | رجال الأعمال |
| التقسيم الفرعي الشكلي | تراجم |
| التقسيم الفرعي الجغرافي | مصر. |
| مصدر الرأس أو المصطلح | BUEsh |
| 650 #7 - المدخل الاضافى بالموضوع-مصطلح موضوعى | |
| مصطلح موضوعي أو اسم جغرافي كعنصر مدخل | الاقتصاد |
| التقسيم الفرعي الشكلي | تراجم |
| التقسيم الفرعي الجغرافي | مصر. |
| مصدر الرأس أو المصطلح | BUEsh |
| 653 ## - مصطلح تكشيفى غير مقيد | |
| Resource For college | Generalities |
| Arrived date list | March2021 |
| 655 ## - مصطلح تكشيفى-نوع/شكل | |
| التقسيم الفرعي الشكلي | Reading book |
| -- | 34232 |
| 942 ## - عناصر المدخل الإضافي( كوها) | |
| مصدر التصنيف او مخطط الترفيف | Dewey Decimal Classification |
| حالة التراجع | حالة الفقد | مصدر التصنيف او خطة الترفيف | حالة تلف | ليس للاعارة | مجموعات كوها | المكان الدائم | المكان الحالي | موقع الترفيف | تاريخ الاكتساب | Source of acquisition | رقم الاستدعاء | الباركود | Date last seen | نوع الوعاء | تبصرة عامة |
|---|---|---|---|---|---|---|---|---|---|---|---|---|---|---|---|
| Dewey Decimal Classification | Donation-Gift | Central Library | Central Library | Ground Floor | 21/03/2021 | Donation | 338.0962 م ر ك | 000050179 | 15/07/2025 | Book - Borrowing | المجلد الأول | ||||
| Dewey Decimal Classification | Donation-Gift | Central Library | Central Library | Ground Floor | 21/03/2021 | Donation | 338.0962 م ر ك | 000050180 | 15/07/2025 | Book - Borrowing | المجلد الثاني | ||||
| Dewey Decimal Classification | Donation-Gift | Central Library | Central Library | Ground Floor | 21/03/2021 | Donation | 338.0962 م ر ك | 000050181 | 15/07/2025 | Book - Borrowing | المجلد الثالث |